000 01007nam a22001697a 4500
008 120203t xxu||||| |||| 00| 0 eng d
020 _a1861523483
050 _aHD30.22.M85
100 _aMoschandreas, Maria
245 _aBusiness economics /
_cMaria Moschandreas
260 _aLondon:
_bThomson Business Press,
_cc1994.
300 _axix, 538 p.:
_bill.;
_c23cm.
500 _aIncludes index.
505 _aContents: Introduction and book outline -- Industrial and market structure -- The Nature of the firm -- The Internal organization of firm -- Entrepreneurship and profit -- Production and costs -- Consumer behaviour and the market demand -- Business strategy in different market structures -- The Separation of ownership from control -- Multi-market firms -- Pricing policies of multi-market firms -- Ownership and the capital structure of firms -- The Economics of human resource management -- Competing policy, privatisation and de-regulation.
650 _aBusiness economics
942 _2lcc
_cBK
999 _c596
_d8096